Statistics for Countries With the Biggest Banks

Click here to take the quiz!

General Stats

  • This quiz has been taken 122 times
  • The average score is 11 of 12

Answer Stats

#Country% Correct
11China
98%
6United States
98%
5France
97%
2Germany
97%
5Japan
96%
5United Kingdom
95%
3Canada
92%
2Italy
91%
2Spain
89%
4Australia
86%
2Switzerland
81%
2Netherlands
71%

Score Distribution

Percentile by Number Answered

Percent of People with Each Score

Your Score History

You have not taken this quiz